000 00673nam a2200241Ia 4500
003 OSt
005 20220918163159.0
006 a|||||r|||| 00| 0
007 ta
008 220917b |||||||| |||| 00| 0 eng d
020 _a0 00 216719 0
024 _a30,603
037 _cTextual
040 _aARTS
_cARTS
_beng
041 _2eng
_aeng
082 _aO111,4M79x,4, M5.2
100 _aFoster E M
_911764
245 0 _aSelected letters of E M Forster ed by Mary Lago and P N Furbank
260 _aLonodn
_bCollins UK
_c1985
650 _aENGLISH LITERATURE
942 _hO111,4M79x,4, M5.2
_cTEXL
_2CC
999 _c118215
_d118215